Catálogo
 En Linea

Págales tú a los psicoanalistas / (Registro nro. 49945)

Detalles MARC
000 -CABECERA
campo de control de longitud fija 00976nam a22003137i 4500
003 - IDENTIFICADOR DEL NÚMERO DE CONTROL
campo de control DO-SdBNP
005 - FECHA Y HORA DE LA ÚLTIMA TRANSACCIÓN
campo de control 20250213133958.0
007 - CAMPO FIJO DE DESCRIPCIÓN FÍSICA--INFORMACIÓN GENERAL
campo de control de longitud fija ta
008 - DATOS DE LONGITUD FIJA--INFORMACIÓN GENERAL
campo de control de longitud fija 210617e2018 dr ||||er|||| 001 fdspa d
020 ## - NÚMERO INTERNACIONAL ESTÁNDAR DEL LIBRO
Número Internacional Estándar del Libro 9781719487597
040 ## - FUENTE DE LA CATALOGACIÓN
Centro catalogador/agencia de origen DO-SdBNP
Lengua de catalogación spa
Centro/agencia transcriptor BNPHU
041 ## - CÓDIGO DE LENGUA
Código de lengua original spa
082 #4 - NÚMERO DE LA CLASIFICACIÓN DECIMAL DEWEY
Número de clasificación RD863.44
Número de documento/Ítem B142p
Número de edición 22
100 1# - ENTRADA PRINCIPAL--NOMBRE DE PERSONA
9 (RLIN) 33435
Nombre de persona Báez, Frank,
Fechas asociadas al nombre 1978-
Término indicativo de función/relación autor
245 10 - MENCIÓN DE TÍTULO
Título Págales tú a los psicoanalistas /
Mención de responsabilidad, etc. Frank Báez
250 ## - MENCIÓN DE EDICIÓN
Mención de edición segunda edición
264 ## - PRODUCCIÓN, PUBLICACIÓN, DISTRIBUCIÓN, FABRICACIÓN Y COPYRIGHT
Producción, publicación, distribución, fabricación y copyright Santo Domingo :
Nombre del de productor, editor, distribuidor, fabricante Ping Pong,
Fecha de producción, publicación, distribución, fabricación o copyright 2018
300 ## - DESCRIPCIÓN FÍSICA
Extensión 103 páginas ;
Dimensiones 22 cm
336 ## - TIPO DE CONTENIDO
Término de tipo de contenido rdacontent
Código de tipo de contenido texto
Fuente txt
337 ## - TIPO DE MEDIO
Nombre/término del tipo de medio rdamedia
Código del tipo de medio sin mediacón
Fuente n
338 ## - TIPO DE SOPORTE
Nombre/término del tipo de soporte rdacariier
Código del tipo de soporte volumen
Fuente nc
500 ## - NOTA GENERAL
Nota general Edición revisada, corregida y aumentada.
500 ## - NOTA GENERAL
Nota general Incluye biografía del autor en la página 103
590 ## - NOTA LOCAL (RLIN)
Nota local Inventariado, 2021/MFF
650 #4 - PUNTO DE ACCESO ADICIONAL DE MATERIA--TÉRMINO DE MATERIA
9 (RLIN) 26903
Término de materia o nombre geográfico como elemento de entrada Cuentos dominicanos
650 #4 - PUNTO DE ACCESO ADICIONAL DE MATERIA--TÉRMINO DE MATERIA
Término de materia o nombre geográfico como elemento de entrada Literatura dominicana.
9 (RLIN) 67
910 ## - DATOS DE OPCIÓN DEL USUARIO (OCLC)
Datos de opción del usuario Validado. Control de calidad MFF
942 ## - ELEMENTOS DE PUNTO DE ACCESO ADICIONAL (KOHA)
Fuente del sistema de clasificación o colocación Dewey Decimal Classification
Tipo de ítem Koha Libro
Existencias
Estado de retiro Estado de pérdida Fuente del sistema de clasificación o colocación Restricciones de uso No para préstamo Código de colección Localización permanente Ubicación/localización actual Ubicación en estantería Fecha de adquisición Fuente de adquisición Total de préstamos Signatura topográfica completa Código de barras Fecha visto por última vez Precio válido a partir de Tipo de ítem Koha Número de copia Nota pública
    Dewey Decimal Classification Préstamo en sala   Dominicana de Servicio Biblioteca Nacional Pedro Henríquez Ureña Biblioteca Nacional Pedro Henríquez Ureña En catalogación 13.02.2025 Donado por la Presidencia de la República Dominicana 2023   BNPHU DS RD863.44 B142p 2025-0992 13.02.2025 13.02.2025 Libro e.4 Pertenecio a la biblioteca personal de René Rodríguez Soriano
    Dewey Decimal Classification Préstamo en sala   Dominicana de Servicio Biblioteca Nacional Pedro Henríquez Ureña Dominicana Depósito 29.06.2018 Donado por Editora Búho   BNPHU DS RD863.44 B142p 2021-2109 17.06.2021 17.06.2021 Libro y Folleto Colección Dominicana de Servicio e.3  
    Dewey Decimal Classification Excluido de préstamo Excluido de préstamo Patrimonio Dominicano Biblioteca Nacional Pedro Henríquez Ureña Patrimonio Dominicano Depósito 29.06.2018 Donado por Editora Búho   BNPHU PD RD863.44 B142p 2021-2107 17.06.2021 17.06.2021 Libro y Folleto Colección Patrimonio Dominicano    
    Dewey Decimal Classification Excluido de préstamo Préstamo restrigido Patrimonio Dominicano Biblioteca Nacional Pedro Henríquez Ureña Patrimonio Dominicano Depósito 29.06.2018 Donado por Editora Búho   BNPHU PD RD863.44 B142p 2021-2108 17.06.2021 17.06.2021 Libro y Folleto Colección Patrimonio Dominicano e.2  

Con tecnología Koha